| 000 | 01086nam a2200373 a 4500 | ||
|---|---|---|---|
| 003 | AR-BaBNM | ||
| 005 | 20251128210530.0 | ||
| 008 | 082120s2002 ||||||||||||||000 | spa|| | ||
| 020 | _a84-7960-151-5 | ||
| 040 | _cAR-BaBNM | ||
| 245 | 0 | 0 | _aCien años de cuentos nórdicos |
| 250 | _a2ª ed. | ||
| 260 |
_aMadrid _bEdiciones de la Torre _c1996 |
||
| 300 |
_a389 p. _bláms. |
||
| 490 | 0 |
_aBiblioteca nórdica _vv. 1 |
|
| 500 | _aContiene notas biográficas y fotografías de los autores entre las páginas 192 y 193 | ||
| 650 | 4 | _aCUENTOS | |
| 650 | 4 | _aESCRITORES | |
| 650 | 4 | _aANTOLOGIAS | |
| 650 | 4 | _aLITERATURA CONTEMPORANEA | |
| 653 | _aLITERATURA ISLANDESA | ||
| 653 | _aLITERATURA DINAMARQUESA | ||
| 653 | _aLITERATURA FINLANDESA | ||
| 653 | _aLITERATURA NORUEGA | ||
| 653 | _aLITERATURA SUECA | ||
| 655 | _aLITERATURA | ||
| 700 | 1 |
_aLiébana, Eva _eeditor |
|
| 700 | 1 |
_aOjanen, Ursula _eeditor |
|
| 700 | 1 |
_aBernárdez, Enrique _eeditor |
|
| 700 | 1 |
_aBaggethun, Kirsti _eeditor |
|
| 700 | 1 |
_aLexell, Martin _eeditor |
|
| 942 | _cBK | ||
| 998 | _cMARTIN | ||
| 999 |
_c15828 _d15828 |
||